[Event "OP-2010-0-01222"]
[Site "LSS email"]
[Date "2010.08.02"]
[Round "?"]
[White "Campbell, John"]
[Black "Aljbitskij, Pavel"]
[Result "1-0"]
[WhiteElo "1525"]
[BlackElo "899"]
[PlyCount "35"]
[EventDate "2010.07.27"]
[EventType "tourn (corr)"]
[EventRounds "4"]
[EventCountry "GER"]
[SourceTitle "Telechess CBM 143"]
[Source "ChessBase"]
[SourceDate "2011.07.15"]
[SourceVersion "1"]
[SourceVersionDate "2011.07.15"]
[SourceQuality "1"]

1. d4 Nf6 2. c4 e6 3. Nc3 Bb4 4. Qc2 c5 5. Nf3 Nc6 6. a3 Bxc3+ 7. Qxc3 cxd4 8. Nxd4 0-0 9. Bg5 h6 10. Nxc6 bxc6 11. Bxf6 Qxf6 12. Qxf6 gxf6 13. e4 d5 14. exd5 exd5 15. cxd5 Re8+ 16. Kd1 cxd5 17. Bd3 Bb7 18. Kd2 1-0

[Event "ZL-2010-0-00743"]
[Site "LSS email"]
[Date "2010.07.31"]
[Round "?"]
[White "Raines, David T"]
[Black "Aljbitskij, Pavel"]
[Result "1-0"]
[WhiteElo "1047"]
[BlackElo "983"]
[PlyCount "71"]
[EventDate "2010.07.23"]
[EventType "match (corr)"]
[EventRounds "2"]
[EventCountry "GER"]
[SourceTitle "Telechess CBM 143"]
[Source "ChessBase"]
[SourceDate "2011.07.15"]
[SourceVersion "1"]
[SourceVersionDate "2011.07.15"]
[SourceQuality "1"]

1. d4 Nf6 2. Nf3 e6 3. c4 Bb4+ 4. Nbd2 b6 5. g3 Bb7 6. Bg2 0-0 7. 0-0 Bxd2 8. Bxd2 d6 9. Bf4 Nbd7 10. a3 Qe7 11. b4 e5 12. dxe5 dxe5 13. Be3 Rfd8 14. Qb3 Ne4 15. Rad1 Ndf6 16. Qb2 Ng4 17. Qc1 Rxd1 18. Rxd1 Rd8 19. Rxd8+ Qxd8 20. h3 Nxe3 21. Qxe3 Qd1+ 22. Kh2 f6 23. Nxe5 Nxg3 24. Qxg3 Bxg2 25. Kxg2 fxe5 26. Qxe5 Qd7 27. Qd5+ Qxd5+ 28. cxd5 Kf7 29. e4 Kf6 30. f4 h5 31. h4 c6 32. dxc6 Ke7 33. e5 g6 34. Kf3 Kd8 35. f5 gxf5 36. Kf4 1-0

[Event "LSS RF-2010-0-00053"]
[Site "LSS email"]
[Date "2010.07.29"]
[Round "?"]
[White "Vananderoye, Tom"]
[Black "Aljbitskij, Pavel"]
[Result "1-0"]
[WhiteElo "1394"]
[BlackElo "828"]
[PlyCount "29"]
[EventDate "2010.06.03"]
[EventType "tourn (corr)"]
[EventRounds "6"]
[EventCountry "GER"]
[SourceTitle "Corr 2015"]
[Source "ChessBase"]
[SourceDate "2015.07.17"]
[SourceVersion "1"]
[SourceVersionDate "2015.07.17"]
[SourceQuality "1"]

1. c4 e5 2. Nc3 Nc6 3. g3 Nf6 4. Bg2 Be7 5. Nf3 0-0 6. 0-0 d6 7. d4 exd4 8. Nxd4 Ne5 9. b3 Rb8 10. f4 Ng6 11. e4 Bg4 12. Qd2 Qd7 13. f5 Ne5 14. h3 Nxe4 15. Nxe4 1-0

[Event "OP-2010-0-01217"]
[Site "LSS email"]
[Date "2010.07.27"]
[Round "?"]
[White "Herzog, Klaus"]
[Black "Aljbitskij, Pavel"]
[Result "1-0"]
[WhiteElo "1885"]
[BlackElo "995"]
[PlyCount "57"]
[EventDate "2010.07.23"]
[EventType "tourn (corr)"]
[EventRounds "4"]
[EventCountry "GER"]
[SourceTitle "Telechess CBM 143"]
[Source "ChessBase"]
[SourceDate "2011.07.15"]
[SourceVersion "1"]
[SourceVersionDate "2011.07.15"]
[SourceQuality "1"]

1. d4 Nf6 2. c4 e6 3. Nc3 Bb4 4. f3 c5 5. d5 Nh5 6. g3 f5 7. Nh3 e5 8. Bg2 0-0 9. Qd3 d6 10. 0-0 f4 11. Ne4 h6 12. Nhf2 g5 13. g4 Nf6 14. Nxd6 Qxd6 15. Qg6+ Kh8 16. Qxh6+ Kg8 17. Qxg5+ Kf7 18. e3 Rg8 19. Qh4 Na6 20. exf4 exf4 21. g5 Nd7 22. Bxf4 Qg6 23. Ne4 Nb6 24. Nd6+ Ke7 25. Rae1+ Bxe1 26. Rxe1+ Kd7 27. Bh3+ Kd8 28. Nf7+ Qxf7 29. g6+ 1-0

[Event "ZN-2010-0-01094"]
[Site "LSS email"]
[Date "2010.07.10"]
[Round "?"]
[White "Aljbitskij, Pavel"]
[Black "Tobey, Al E"]
[Result "1-0"]
[WhiteElo "800"]
[BlackElo "670"]
[PlyCount "73"]
[EventDate "2010.07.08"]
[EventType "match (corr)"]
[EventRounds "2"]
[EventCountry "GER"]
[SourceTitle "Telechess CBM 143"]
[Source "ChessBase"]
[SourceDate "2011.07.15"]
[SourceVersion "1"]
[SourceVersionDate "2011.07.15"]
[SourceQuality "1"]

1. e4 e5 2. Nf3 Nc6 3. c3 d6 4. d4 Be7 5. Bc4 Na5 6. Be2 Bf6 7. 0-0 Ne7 8. Qa4+ Nac6 9. d5 Bd7 10. dxc6 Nxc6 11. Nbd2 a6 12. Qc2 0-0 13. Nc4 Re8 14. Be3 b5 15. Ncd2 b4 16. a3 a5 17. cxb4 axb4 18. axb4 Nxb4 19. Qc4 Rb8 20. Rfc1 Be6 21. Qxc7 Qd7 22. Qxd7 Bxd7 23. Nc4 Be7 24. Ra7 Bg4 25. h3 Bxf3 26. Bxf3 Nc6 27. Rc7 Nb4 28. Nb6 Rbd8 29. Nd5 Nxd5 30. exd5 Bf6 31. b4 e4 32. Be2 Bb2 33. Rb1 Be5 34. b5 Ra8 35. b6 Ra1 36. Rxa1 Bxa1 37. b7 1-0

[Event "ZN-2010-0-01090"]
[Site "LSS email"]
[Date "2010.07.09"]
[Round "?"]
[White "Neil, Charles"]
[Black "Aljbitskij, Pavel"]
[Result "1-0"]
[WhiteElo "490"]
[BlackElo "828"]
[PlyCount "33"]
[EventDate "2010.07.04"]
[EventType "match (corr)"]
[EventRounds "2"]
[EventCountry "GER"]
[SourceTitle "Corr 2015"]
[Source "ChessBase"]
[SourceDate "2015.07.17"]
[SourceVersion "1"]
[SourceVersionDate "2015.07.17"]
[SourceQuality "1"]

1. c4 e5 2. g3 Nf6 3. Bg2 Bc5 4. e4 0-0 5. Nc3 Nc6 6. Nge2 d6 7. 0-0 Be6 8. d3 h6 9. Kh1 Qd7 10. Ng1 Nd4 11. Bd2 c6 12. a3 a5 13. Nce2 d5 14. f4 exf4 15. Bxf4 Bg4 16. h3 Bxe2 17. Nxe2 1-0

[Event "OP-2010-0-01182"]
[Site "LSS email"]
[Date "2010.06.11"]
[Round "?"]
[White "Aljbitskij, Pavel"]
[Black "Hughes, Peter"]
[Result "1-0"]
[WhiteElo "800"]
[BlackElo "643"]
[PlyCount "45"]
[EventDate "2010.06.07"]
[EventType "tourn (corr)"]
[EventRounds "4"]
[EventCountry "GER"]
[SourceTitle "Telechess CBM 143"]
[Source "ChessBase"]
[SourceDate "2011.07.15"]
[SourceVersion "1"]
[SourceVersionDate "2011.07.15"]
[SourceQuality "1"]

1. e4 e5 2. Nf3 Nc6 3. c3 Nf6 4. d4 d6 5. d5 Ne7 6. Bd3 Bg4 7. Be3 Qd7 8. Nbd2 0-0-0 9. Qb3 c6 10. c4 c5 11. Qa3 b6 12. h3 Bxf3 13. Nxf3 Ng6 14. b4 Nh5 15. bxc5 dxc5 16. Qc3 Ngf4 17. Bf1 f5 18. Bxf4 Nxf4 19. Nxe5 Qe7 20. 0-0-0 g6 21. Nc6 Qd6 22. Nxd8 Kxd8 23. Qxh8 1-0